| 000 | 00698nam a22002417a 4500 | ||
|---|---|---|---|
| 003 | DO-SdBNP | ||
| 005 | 20180226132940.0 | ||
| 008 | 151204b [199-?] sp a 00| 0 spa d | ||
| 020 | _a8423612392 | ||
| 040 |
_aBPMSU _bspa _cBPMSU |
||
| 082 | 4 |
_axxxx _bxxxx |
|
| 100 | 1 | _aSoto, Apuleyo | |
| 245 | 1 |
_aDoña Noche y sus amigos / _cApuleyo Soto ; ilustraciones Horacio Elena |
|
| 260 |
_aBarcelona : _bEdiciones Don Bosco, _c[199-?]. |
||
| 300 |
_a44 p. : _bil. ; _c21 cm. |
||
| 490 | 1 | _aTeatro Edebe | |
| 700 | 1 | 2 |
_aElena, Horacio, _eil. |
| 830 | 0 | _aTeatro Edebe | |
| 910 | _a00260 | ||
| 942 |
_2ddc _cBK |
||
| 945 | _aInventariado, 2018 / BT | ||
| 956 |
_aBTAVAREZ _b10 _d20151204 _fBPMSU _h0038 |
||
| 999 |
_c9009 _d9009 |
||